000 00869nam a2200265Ia 4500
003 OSt
005 20220923215642.0
006 a|||||r|||| 00| 0
007 ta
008 220922b |||||||| |||| 00| 0 hin d
024 _a180,582
037 _cTextual
040 _aARTS
_cARTS
_bhin
041 _2hin
_ahin
082 _aO152,3N295,DD, N3
100 _aशिवप्रसाद सिंह
_9156263
245 0 _aदिल्ली दूर हैं
246 _aDillī dūr haian
260 _aदिल्ली
_b राजपाल एण्ड संस
_c1993
300 _a607 पृ.
_ccm.
650 _a हिन्दी साहित्य
_9156264
650 _aहिन्दी कहानी
942 _hO152,3N295,DD, N3
_cTEXL
_2CC
999 _c333960
_d333960